Plants that belong to cashew family (Anacardiaceae) - sudden death - Statistics

General Stats
  • This quiz has been taken 24 times
  • The average score is 4 of 11
Answers on the Grid
Answers color-coded by a green-red scale on the quiz's grid according to % correct below.
Walnut
Cashew
Mango
Papaya
Yellow mombin
Pedunculate oak
Avocado
Pacific poison oak
Sumac
Poison sumac
Common ivy
Poison ivy
Pineapple
Peruvian pepper
Cork oak
Pistachio
Peanut
Bell pepper
Apricot
Smoke tree
Banana
Red firethorn
Black pepper
Rhododendron
Pecan
Atlantic poison oak
Cinnamonum
Ginger
 
Answer Stats
Answer % Correct
Cashew
70%
Pacific poison oak
50%
Sumac
50%
Atlantic poison oak
40%
Mango
40%
Pistachio
40%
Poison ivy
30%
Poison sumac
30%
Peruvian pepper
20%
Smoke tree
20%
Yellow mombin
20%
No matching quizzes found
Score Distribution
Percent of People with Each Score
Percentile by Number Answered
Your Score History
You have not taken this quiz